The SAGE handbook of GIS and Society / (Record no. 41)

MARC details
000 -LEADER
fixed length control field 00675nam a22002057a 4500
005 - DATE AND TIME OF LATEST TRANSACTION
control field 20221230113637.0
008 - FIXED-LENGTH DATA ELEMENTS--GENERAL INFORMATION
fixed length control field 221230b |||||||| |||| 00| 0 eng d
020 ## - INTERNATIONAL STANDARD BOOK NUMBER
International Standard Book Number 9781446295816
040 ## - CATALOGING SOURCE
Original cataloging agency KMU
Transcribing agency KMU
050 ## - LIBRARY OF CONGRESS CALL NUMBER
Classification number G 70.21z Gis 2014
245 ## - TITLE STATEMENT
Title The SAGE handbook of GIS and Society /
Statement of responsibility, etc. edited by Timothy L. Nyerges, Helen Couclelis and Robert McMaster
260 ## - PUBLICATION, DISTRIBUTION, ETC.
Place of publication, distribution, etc. London ;
Name of publisher, distributor, etc. SAGE ,
Date of publication, distribution, etc. 2014 .
300 ## - PHYSICAL DESCRIPTION
Extent xvi, 559pages :
Other physical details Illustration ;
Dimensions 24 cm.
500 ## - GENERAL NOTE
General note Includes an index
650 ## - SUBJECT ADDED ENTRY--TOPICAL TERM
Source of heading or term Oclc
Topical term or geographic name entry element Sociology-Data processing
700 ## - ADDED ENTRY--PERSONAL NAME
Personal name Nyerges, Timothy L.
Relator term Editor
700 ## - ADDED ENTRY--PERSONAL NAME
Personal name Couclelis, Helen
Relator term editor
700 ## - ADDED ENTRY--PERSONAL NAME
Personal name McMaster, Robert
Relator term editor.
942 ## - ADDED ENTRY ELEMENTS (KOHA)
Source of classification or shelving scheme Library of Congress Classification
Koha item type Non-Fiction
Suppress in OPAC No
Holdings
Withdrawn status Lost status Source of classification or shelving scheme Damaged status Not for loan Collection Home library Current library Shelving location Date acquired Source of acquisition Total Checkouts Full call number Barcode Date last seen Date last checked out Price effective from Koha item type Total Renewals
    Library of Congress Classification     Non-fiction Kapasa Makasa University Kapasa Makasa University Open Access 30.12.2022 Book Aid 2 G 70.21z Gis 2014 747583 14.04.2025 26.03.2025 30.12.2022 Non-Fiction  
    Library of Congress Classification     Non-fiction Kapasa Makasa University Kapasa Makasa University Open Access 30.12.2022 Book Aid 2 G 70.21z Gis 2014 747584 10.02.2026 08.10.2025 30.12.2022 Non-Fiction 1